000 00662nam a22002177a 4500
999 _c155256
_d155256
005 20181217162458.0
010 _aENG-123800
020 _a981756420766
_c225.00
035 _aEN-107332
037 _bDBAD/PUB
082 _a485
100 _aPandey, Alok Ranjan
245 _aAdvanced english grammer and composition /
_cby Alok Ranjan Pandey [and] Deepak Pandey
260 _aDelhi
_bSahni Publications
_c2017
270 _a4777, Dr. Mitra Gali, Roshanara Road,
_bDelhi
_e110007
300 _a528p.
_c21cm.(pbk)
_bill.
500 _aa unique reference book
700 _aPandey, Deepak
942 _2ddc
_cEN
_h485
_mPAN